Countries of the "Iron Curtain" - Statistics

General Stats
  • This quiz has been taken 26 times
    10 since last reset
  • The average score is 10 of 15
Answer Stats
Countries % Correct
Hungary
89%
Romania
89%
Albania
78%
Czechoslovakia
78%
East Germany
78%
USSR
78%
Yugoslavia
78%
Austria
67%
Bulgaria
67%
Finland
67%
Italy
56%
Turkey
56%
West Germany
56%
Greece
44%
Norway
44%
No matching quizzes found
Score Distribution
Percent of People with Each Score
Percentile by Number Answered
Your Score History
You have not taken this quiz since the last reset